| 000 | 00696nam a2200193 a 4500 | ||
|---|---|---|---|
| 001 | 000035422 | ||
| 005 | 20200930074330.0 | ||
| 008 | 111031s1964 fr 000 0 spa d | ||
| 040 |
_aDO-SdBNP _bfr _cBNPHU |
||
| 100 | 1 |
_aKoestler, Arthur _961020 |
|
| 245 | 1 | 0 |
_aSuicide d' une nation? : _bla Grande-Bretagne face á son destin / _cArthur Koestler. |
| 260 |
_aParis : _bCamann-Lévy,., _c1964. |
||
| 300 |
_a326 p. : _bgráf. , ; _c21 cm. |
||
| 490 | 1 | _aCollection Liberté de L´ Esprit | |
| 504 | _aIncluye notas al pie de las páginas. | ||
| 590 | _aPerteneció a la biblioteca personal de Juan Isidro Jimenes Grullón. | ||
| 830 | 0 |
_aCollection Liberté de L´ Esprit _961255 |
|
| 049 | _aBNGR | ||
| 999 |
_c34913 _d34913 |
||